| 000 | 00997nam a22002177a 4500 | ||
|---|---|---|---|
| 003 | OSt | ||
| 005 | 20210308134821.0 | ||
| 008 | 210308s1992 ck ||||gr|||| 00| 0 spa d | ||
| 040 |
_aCO-JMCR _cCO-JMCR |
||
| 041 | 0 | _aspa | |
| 082 | 0 | 4 |
_a338.52 / _bC828n _223 |
| 100 | 1 |
_aCortes Ramírez, Adolfo, _eautor _914549 |
|
| 245 | 1 | 4 |
_aLos números índices y su utilización en el análisis económico / _cAdolfo Cortes Ramirez |
| 260 |
_aBogotá : _bEscuela Superior de Administración Pública, _c1992 |
||
| 300 |
_a603 páginas ; _c24 cm. |
||
| 505 | 0 | _aLa aritmética económica -- Los números índices -- Algunos aspectos especiales de los números índices -- uso de los números índices en el análisis económico -- Reconocimiento de los efectos de la inflación en la información financiera. Los estados financieros a precios constantes -- | |
| 650 | 1 | 4 |
_aAnálisis económico _914550 |
| 650 | 2 | 4 |
_aEconomía matemática _914551 |
| 650 | 2 | 4 |
_aEstados financieros _914552 |
| 942 |
_2ddc _cBK |
||
| 999 |
_c7493 _d7493 |
||